[Event "Sunnyvale 1000 IM Winter 01"]
[Site "Sunnyvale"]
[Date "2024.01.05"]
[Round "6"]
[White "Calderin Gonzalez, Roberto"]
[Black "Stevens, Adam B"]
[Result "1-0"]
[WhiteElo "2413"]
[BlackElo "1878"]
[PlyCount "63"]
[EventDate "2024.01.02"]
[EventType "schev"]
[EventRounds "9"]
[EventCountry "USA"]
[SourceTitle "CB02_2024"]
[SourceDate "2024.01.10"]
[SourceVersion "1"]
[SourceVersionDate "2024.01.10"]
[SourceQuality "1"]

1. d4 Nf6 2. Bg5 d5 3. Bxf6 exf6 4. e3 c5 5. dxc5 Bxc5 6. Nc3 Be6 7. Nge2 Nc6 8. Nf4 d4 9. Nxe6 fxe6 10. Qh5+ g6 11. Qxc5 dxc3 12. Qxc3 Rc8 13. Qa3 Kf7 14. Rd1 Qc7 15. Be2 Rhd8 16. 0-0 Rxd1 17. Rxd1 Rd8 18. Rxd8 Qxd8 19. Qc3 Qd5 20. a3 h5 21. Qd3 Qc5 22. Qd7+ Ne7 23. c4 Qb6 24. b4 a5 25. c5 Qa7 26. Bc4 axb4 27. Bxe6+ Kf8 28. Qd8+ Kg7 29. Qxe7+ Kh6 30. Qf8+ Kg5 31. f4+ Kh4 32. g3# 1-0

[Event "Titled Tuesday intern op 20th Jun Early"]
[Site "Chess.com INT"]
[Date "2023.06.20"]
[Round "3"]
[White "Calderin Gonzalez, Roberto"]
[Black "Adla, Diego Gustavo"]
[Result "0-1"]
[WhiteElo "2413"]
[BlackElo "2383"]
[PlyCount "60"]
[EventDate "2023.06.20"]
[EventType "swiss (blitz)"]
[EventRounds "11"]
[EventCountry "USA"]
[SourceTitle "EXT 2024"]
[Source "ChessBase"]
[SourceDate "2023.10.10"]
[SourceVersion "1"]
[SourceVersionDate "2023.10.10"]
[SourceQuality "1"]

1. e4 e5 2. Nc3 Nf6 3. f4 d5 4. fxe5 Nxe4 5. Qf3 Nc6 6. Bb5 Nxc3 7. dxc3 Qh4+ 8. g3 Qe4+ 9. Qxe4 dxe4 10. Bf4 Bd7 11. 0-0-0 a6 12. Bc4 h6 13. e6 fxe6 14. Bxc7 Bc5 15. Ne2 b5 16. Bb3 Rc8 17. Bd6 Be3+ 18. Kb1 Na5 19. Nd4 Nc4 20. Rhe1 Bf2 21. Rxe4 Nxd6 22. Re2 Bxd4 23. Rxd4 Nc4 24. Rf2 Ke7 25. Rdf4 Rhf8 26. Bxc4 Rxf4 27. Rxf4 Rxc4 28. Rf1 Rc5 29. Kc1 Rf5 30. Rd1 Bc6 0-1

[Event "Titled Tuesday intern op 20th Jun Late"]
[Site "Chess.com INT"]
[Date "2023.06.20"]
[Round "6"]
[White "Cooper, Aaron"]
[Black "Calderin Gonzalez, Roberto"]
[Result "1/2-1/2"]
[WhiteElo "1904"]
[BlackElo "2413"]
[PlyCount "127"]
[EventDate "2023.06.20"]
[EventType "swiss (blitz)"]
[EventRounds "11"]
[EventCountry "USA"]
[SourceTitle "EXT 2024"]
[Source "ChessBase"]
[SourceDate "2023.10.10"]
[SourceVersion "1"]
[SourceVersionDate "2023.10.10"]
[SourceQuality "1"]

1. e4 c5 2. Nf3 Nc6 3. d4 cxd4 4. Nxd4 g6 5. Nc3 Bg7 6. Be3 Nf6 7. Be2 0-0 8. 0-0 d5 9. exd5 Nxd5 10. Nxd5 Qxd5 11. Bf3 Qd8 12. Nxc6 bxc6 13. Qxd8 Rxd8 14. c3 Bb7 15. Bc5 e6 16. Rfd1 a6 17. Bb6 Rxd1+ 18. Rxd1 Rb8 19. a4 h5 20. a5 c5 21. Bxb7 Rxb7 22. Rd8+ Kh7 23. Rc8 Rd7 24. Kf1 Bh6 25. Rd8 Rxd8 26. Bxd8 Bc1 27. b3 Bd2 28. Bf6 Kg8 29. Ke2 Bf4 30. g3 Bd6 31. Kd3 Kf8 32. Kc4 Ke8 33. h3 Kd7 34. g4 hxg4 35. hxg4 Kc6 36. f3 Bf4 37. Be7 Bd6 38. Bf6 Bf8 39. Bd8 f5 40. Kd3 Bd6 41. c4 Kd7 42. Bb6 Ke8 43. Kc3 Kf7 44. Kd3 Kf6 45. Ke3 fxg4 46. fxg4 Kg5 47. Kf3 Kh4 48. Bd8+ Kh3 49. Bg5 e5 50. Bf6 e4+ 51. Kxe4 Kxg4 52. Kd5 Bf8 53. Bd8 Kf4 54. Kc6 g5 55. Kb6 g4 56. Bc7+ Kf3 57. Kxa6 Bh6 58. Bh2 Bf4 59. Bg1 g3 60. Bxc5 Be3 61. Bd6 Bf4 62. Bc5 Be3 63. Bd6 Bf4 64. Bc5 1/2-1/2

[Event "Titled Tuesday intern op 20th Jun Early"]
[Site "Chess.com INT"]
[Date "2023.06.20"]
[Round "2"]
[White "Droin, Augustin"]
[Black "Calderin Gonzalez, Roberto"]
[Result "1-0"]
[WhiteElo "2452"]
[BlackElo "2413"]
[PlyCount "53"]
[EventDate "2023.06.20"]
[EventType "swiss (blitz)"]
[EventRounds "11"]
[EventCountry "USA"]
[SourceTitle "EXT 2024"]
[Source "ChessBase"]
[SourceDate "2023.10.10"]
[SourceVersion "1"]
[SourceVersionDate "2023.10.10"]
[SourceQuality "1"]

1. e4 c5 2. Nf3 Nc6 3. d4 cxd4 4. Nxd4 g6 5. c4 Bg7 6. Be3 Nf6 7. Nc3 0-0 8. Be2 d6 9. 0-0 Bd7 10. h3 Rc8 11. f4 Nxd4 12. Bxd4 Bc6 13. Qd3 a6 14. Kh1 b5 15. cxb5 Bxb5 16. Nxb5 axb5 17. Bf3 Qa5 18. e5 dxe5 19. fxe5 Rfd8 20. Qe3 Nd5 21. Qf2 Rd7 22. Bxd5 Rxd5 23. Qxf7+ Kh8 24. Qxd5 Qd2 25. Rad1 Qg5 26. Qe6 Rc2 27. Rf2 1-0

[Event "Caissa Guatemala Online"]
[Site "Chess.com INT"]
[Date "2021.01.23"]
[Round "5"]
[White "Galvez Dastin, Eduardo Francisco"]
[Black "Calderin Gonzalez, Roberto"]
[Result "1/2-1/2"]
[WhiteElo "2209"]
[BlackElo "2424"]
[PlyCount "89"]
[EventDate "2021.01.23"]
[EventType "swiss (blitz)"]
[EventRounds "7"]
[EventCountry "GUA"]
[SourceTitle "CBM 200 Extra"]
[Source "ChessBase"]
[SourceDate "2021.03.31"]
[SourceVersion "1"]
[SourceVersionDate "2021.03.31"]
[SourceQuality "1"]

1. d4 Nf6 2. c4 c5 3. d5 e6 4. Nc3 exd5 5. cxd5 d6 6. e4 a6 7. a4 g6 8. Be2 Bg7 9. Nf3 0-0 10. Bf4 Bg4 11. 0-0 Bxf3 12. Bxf3 Qe7 13. e5 dxe5 14. d6 Qe6 15. Re1 Nbd7 16. Bxb7 Rab8 17. Bxa6 Rxb2 18. Bb5 Rb4 19. Be3 e4 20. Rc1 Rd8 21. h3 Bf8 22. Bxd7 Nxd7 23. Nb5 Rb2 24. Bxc5 Nxc5 25. Rxc5 Bxd6 26. Nxd6 Rxd6 27. Rc8+ Kg7 28. Qc1 Qf6 29. Rc2 Rdb6 30. a5 Rxc2 31. Qxc2 Rb2 32. Qc5 Ra2 33. Rxe4 Qa1+ 34. Kh2 Rxa5 35. Qd4+ Qxd4 36. Rxd4 h5 37. h4 f6 38. Rd7+ Kh6 39. Rf7 f5 40. f3 Ra4 41. Kh3 Ra1 42. Kg3 Ra4 43. Kh3 Rb4 44. Kg3 Ra4 45. Kh3 1/2-1/2

[Event "Caissa Guatemala Online"]
[Site "Chess.com INT"]
[Date "2021.01.23"]
[Round "3"]
[White "Palma Villanueva, Miguel Ta"]
[Black "Calderin Gonzalez, Roberto"]
[Result "1/2-1/2"]
[WhiteElo "2070"]
[BlackElo "2424"]
[PlyCount "107"]
[EventDate "2021.01.23"]
[EventType "swiss (blitz)"]
[EventRounds "7"]
[EventCountry "GUA"]
[SourceTitle "CBM 200 Extra"]
[Source "ChessBase"]
[SourceDate "2021.03.31"]
[SourceVersion "1"]
[SourceVersionDate "2021.03.31"]
[SourceQuality "1"]

1. e4 c5 2. Nf3 Nc6 3. Bb5 e6 4. 0-0 Nge7 5. Re1 a6 6. Bf1 d5 7. exd5 Nxd5 8. d4 Nf6 9. Be3 Be7 10. c3 Ng4 11. Nbd2 Nxe3 12. fxe3 0-0 13. Nc4 b5 14. Nce5 Nxe5 15. Nxe5 Bb7 16. Be2 cxd4 17. exd4 Rc8 18. Bf3 Bd5 19. Bxd5 Qxd5 20. Qb3 Rfd8 21. Qxd5 Rxd5 22. a3 a5 23. Red1 b4 24. axb4 axb4 25. Ra7 Bc5 26. Rd7 Bb6 27. Rxd5 exd5 28. cxb4 Rc2 29. Nd7 Ba7 30. Nc5 h5 31. Ra1 Bb6 32. Ra6 Bc7 33. b5 Rxb2 34. Rc6 Bf4 35. b6 Be3+ 36. Kf1 Bxd4 37. b7 Kh7 38. Rc8 Be5 39. Re8 Bxh2 40. Rd8 Bg3 41. Rxd5 Rf2+ 42. Kg1 Rb2 43. Kf1 h4 44. Ne4 Rxb7 45. Nxg3 hxg3 46. Rd3 g5 47. Rxg3 Kg6 48. Rd3 f5 49. Kf2 f4 50. g3 Kf5 51. gxf4 gxf4 52. Kf3 Rb5 53. Rc3 Rd5 54. Rb3 1/2-1/2

[Event "Guatemala op"]
[Site "Guatemala City"]
[Date "2019.01.13"]
[Round "9"]
[White "Calderin Gonzalez, Roberto"]
[Black "Cardenas Carbajal, Nilson"]
[Result "1-0"]
[WhiteElo "2427"]
[BlackElo "2095"]
[PlyCount "67"]
[EventDate "2019.01.09"]
[EventType "swiss"]
[EventRounds "9"]
[EventCountry "GUA"]
[SourceTitle "CBM 188 Extra"]
[Source "ChessBase"]
[SourceDate "2019.02.26"]
[SourceVersion "1"]
[SourceVersionDate "2019.02.26"]
[SourceQuality "1"]

1. d4 Nf6 2. Nf3 d5 3. c4 g6 4. cxd5 Nxd5 5. e4 Nb6 6. h3 Bg7 7. Nc3 0-0 8. Be2 Nc6 9. d5 Na5 10. 0-0 e6 11. Bg5 f6 12. Be3 Nac4 13. Bc5 Re8 14. Qb3 Nd6 15. Nd4 exd5 16. exd5 Kh8 17. Rfe1 Nd7 18. Ba3 Ne5 19. f4 Nef7 20. Bf3 Nf5 21. Nxf5 Bxf5 22. Qxb7 Rxe1+ 23. Rxe1 Nd6 24. Bxd6 cxd6 25. Re7 Qb6+ 26. Qxb6 axb6 27. Rb7 Bh6 28. g3 Bxh3 29. Ne4 Bg7 30. Nxd6 f5 31. Nf7+ Kg8 32. d6 Bf6 33. Bd5 Kf8 34. Ne5 1-0

[Event "Guatemala op"]
[Site "Guatemala City"]
[Date "2019.01.12"]
[Round "8"]
[White "Barrientos Chavarriaga, Sergio E"]
[Black "Calderin Gonzalez, Roberto"]
[Result "1-0"]
[WhiteElo "2494"]
[BlackElo "2427"]
[PlyCount "117"]
[EventDate "2019.01.09"]
[EventType "swiss"]
[EventRounds "9"]
[EventCountry "GUA"]
[SourceTitle "CBM 188 Extra"]
[Source "ChessBase"]
[SourceDate "2019.02.26"]
[SourceVersion "1"]
[SourceVersionDate "2019.02.26"]
[SourceQuality "1"]

1. d4 g6 2. e4 Bg7 3. Nf3 d6 4. c3 Nf6 5. Bd3 0-0 6. 0-0 Nbd7 7. Re1 e5 8. Nbd2 b6 9. Nf1 Bb7 10. Ng3 Re8 11. d5 c6 12. c4 a5 13. Bc2 cxd5 14. cxd5 Ba6 15. h3 Nc5 16. Be3 Nfd7 17. Qd2 Qe7 18. b3 Rec8 19. a3 a4 20. b4 Nb3 21. Bxb3 axb3 22. Qb2 h5 23. Qxb3 h4 24. Bg5 Bf6 25. Bxf6 Qxf6 26. Nf1 Bc4 27. Qe3 b5 28. N1d2 Ra6 29. Nxc4 Rxc4 30. Nd2 Rc8 31. Qd3 Qf4 32. Qxb5 Ra7 33. Nc4 Nf8 34. Qb6 Rd7 35. Na5 Rc3 36. Nc6 g5 37. Re3 Rc2 38. Rf1 Kg7 39. b5 g4 40. Nb4 Rd2 41. Nd3 Qg5 42. hxg4 Qxg4 43. Qa5 Rc2 44. Qe1 Rb7 45. Qb1 Rc4 46. f4 Ng6 47. f5 Nf8 48. Nf2 Qg5 49. Rf3 Nh7 50. Nh3 Qd2 51. f6+ Kg6 52. Kh2 Qd4 53. Nf2 Qd2 54. Nh3 Qd4 55. a4 Rxa4 56. Qc1 Rc4 57. Qa3 Qc5 58. Qd3 Rd4 59. Rg3+ 1-0

[Event "Carlos Torre Memorial op 11th"]
[Site "Merida"]
[Date "1998.12.18"]
[Round "4"]
[White "Calderin Gonzalez, Roberto"]
[Black "Hernandez Guerrero, Gilberto Eduardo"]
[Result "0-1"]
[WhiteElo "2425"]
[BlackElo "2520"]
[PlyCount "154"]
[EventDate "1998.12.??"]
[EventType "swiss"]
[EventRounds "9"]
[EventCountry "MEX"]
[SourceTitle "EXT 2000"]
[Source "ChessBase"]
[SourceDate "1999.11.16"]
[SourceVersion "1"]
[SourceVersionDate "1999.11.16"]
[SourceQuality "1"]

1. d4 Nf6 2. Nf3 c5 3. e3 g6 4. c4 Bg7 5. Nc3 0-0 6. Be2 cxd4 7. exd4 d5 8. 0-0 Nc6 9. h3 dxc4 10. Bxc4 Na5 11. Be2 Be6 12. Bg5 Rc8 13. Qd2 Re8 14. Rfe1 Bc4 15. Rad1 Nd5 16. Ne5 Nxc3 17. bxc3 Bxe2 18. Qxe2 f6 19. Nf3 Qd5 20. Bd2 b6 21. Qa6 Rc7 22. Bf4 Rd7 23. Rd2 Qc4 24. Qxc4+ Nxc4 25. Rde2 Kf7 26. g4 Rc8 27. a4 Bf8 28. Rb1 Rd5 29. Ra2 g5 30. Bc1 e6 31. Kf1 Nd6 32. Bd2 Ne4 33. Be1 Rxc3 34. Bxc3 Nxc3 35. Raa1 Nxb1 36. Rxb1 Ra5 37. Rc1 Rxa4 38. Rc7+ Be7 39. Ke2 Ke8 40. Nd2 a5 41. Rb7 Rxd4 42. Rxb6 Kf7 43. Rb7 a4 44. Ra7 f5 45. Nf3 Re4+ 46. Kd3 h6 47. gxf5 exf5 48. Nd4 Kg6 49. f3 Re1 50. Rxa4 Bf6 51. Ne2 Rf1 52. Ke3 Rh1 53. Kf2 Rh2+ 54. Kf1 f4 55. Ra2 Be5 56. Ra6+ Kh5 57. Ra5 Bb8 58. Ra6 Bc7 59. Re6 Bb8 60. Kg1 Rxh3 61. Kg2 Rh4 62. Rb6 Ba7 63. Re6 Be3 64. Nc3 g4 65. Nd5 g3 66. Nxe3 Rh2+ 67. Kg1 fxe3 68. Rxe3 Kg5 69. Re8 h5 70. Re4 Rf2 71. Ra4 h4 72. Rg4+ Kh5 73. Rg8 Rxf3 74. Rg7 h3 75. Rg8 g2 76. Rh8+ Kg6 77. Kh2 Rf1 0-1

[Event "Olympiad-33"]
[Site "Elista"]
[Date "1998.10.12"]
[Round "13.3"]
[White "Calderin Gonzalez, Roberto"]
[Black "Aliev, Kerim"]
[Result "1-0"]
[WhiteElo "2425"]
[BlackElo "2385"]
[PlyCount "55"]
[EventDate "1998.09.29"]
[EventType "team-swiss"]
[EventRounds "13"]
[EventCountry "RUS"]
[SourceTitle "CBM 068"]
[Source "ChessBase"]
[SourceDate "1999.02.01"]
[SourceVersion "1"]
[SourceVersionDate "1999.02.01"]
[SourceQuality "1"]
[WhiteTeam "Mexico"]
[BlackTeam "Turkmenistan"]
[WhiteTeamCountry "MEX"]
[BlackTeamCountry "TKM"]

1. d4 d5 2. Nf3 Nf6 3. c4 c6 4. e3 e6 5. Bd3 a6 6. Nbd2 Be7 7. 0-0 0-0 8. b3 c5 9. dxc5 Bxc5 10. Bb2 dxc4 11. Nxc4 Nc6 12. Rc1 Qe7 13. Nfe5 Nxe5 14. Bxe5 Nd7 15. Ba1 Rd8 16. Qh5 Nf8 17. Rfd1 Rd5 18. Qg4 Rg5 19. Qf3 e5 20. h4 Rg4 21. Nxe5 Rxh4 22. Rxc5 Bg4 23. Nxg4 Qxc5 24. Nf6+ gxf6 25. Qxf6 Rh1+ 26. Kxh1 Qh5+ 27. Kg1 Qxd1+ 28. Bf1 1-0

[Event "Olympiad-33"]
[Site "Elista"]
[Date "1998.10.11"]
[Round "12.3"]
[White "Komliakov, Viktor"]
[Black "Calderin Gonzalez, Roberto"]
[Result "1-0"]
[WhiteElo "2485"]
[BlackElo "2425"]
[PlyCount "105"]
[EventDate "1998.09.29"]
[EventType "team-swiss"]
[EventRounds "13"]
[EventCountry "RUS"]
[SourceTitle "CBM 068"]
[Source "ChessBase"]
[SourceDate "1999.02.01"]
[SourceVersion "1"]
[SourceVersionDate "1999.02.01"]
[SourceQuality "1"]
[WhiteTeam "Moldova"]
[BlackTeam "Mexico"]
[WhiteTeamCountry "MDA"]
[BlackTeamCountry "MEX"]

1. e4 e5 2. Nf3 Nc6 3. Bc4 Nf6 4. d3 d5 5. exd5 Nxd5 6. 0-0 Bg4 7. Re1 Qd6 8. h3 Bh5 9. Nbd2 0-0-0 10. Ne4 Qd7 11. Ng3 Bxf3 12. Qxf3 Nd4 13. Qd1 Nb6 14. Rxe5 Bd6 15. Re1 Bxg3 16. fxg3 Nxc4 17. dxc4 Qf5 18. Rf1 Qe4 19. Qg4+ Qxg4 20. hxg4 Nxc2 21. Rb1 Rd7 22. g5 Re8 23. Bf4 Re4 24. Rbc1 Nd4 25. Rce1 Ne2+ 26. Kf2 Rde7 27. Bd2 R7e5 28. Rh1 Rf5+ 29. Bf4 Nxg3 30. Rxe4 Nxe4+ 31. Kf3 Nd6 32. Rxh7 g6 33. g4 Ra5 34. Bxd6 cxd6 35. a3 Rxg5 36. Rxf7 Rc5 37. Rf6 Rxc4 38. Rxg6 Rc2 39. Rxd6 Rxb2 40. Rd3 Rb1 41. g5 Rg1 42. Kf4 Kc7 43. Kf5 b5 44. g6 a5 45. Rd4 Kc6 46. Rg4 Rf1+ 47. Kg5 Rf8 48. g7 Rg8 49. Kf6 Kc5 50. Kf7 Rb8 51. g8Q Rxg8 52. Kxg8 b4 53. Rg5+ 1-0

[Event "Olympiad-33"]
[Site "Elista"]
[Date "1998.10.09"]
[Round "10.3"]
[White "Calderin Gonzalez, Roberto"]
[Black "Grivas, Efstratios"]
[Result "1/2-1/2"]
[WhiteElo "2425"]
[BlackElo "2520"]
[PlyCount "105"]
[EventDate "1998.09.29"]
[EventType "team-swiss"]
[EventRounds "13"]
[EventCountry "RUS"]
[SourceTitle "CBM 068"]
[Source "ChessBase"]
[SourceDate "1999.02.01"]
[SourceVersion "1"]
[SourceVersionDate "1999.02.01"]
[SourceQuality "1"]
[WhiteTeam "Mexico"]
[BlackTeam "Greece"]
[WhiteTeamCountry "MEX"]
[BlackTeamCountry "GRE"]

1. d4 Nf6 2. Nf3 g6 3. Bf4 Bg7 4. e3 d6 5. h3 0-0 6. Be2 b6 7. 0-0 Bb7 8. c4 c5 9. Nc3 cxd4 10. exd4 d5 11. Re1 Nc6 12. a3 Rc8 13. Bg5 dxc4 14. Bxc4 Na5 15. Ba2 Nc4 16. Ne5 Nd6 17. d5 b5 18. Qf3 Nc4 19. Nc6 Bxc6 20. dxc6 a6 21. Rad1 Qc7 22. Bxf6 Bxf6 23. Bxc4 bxc4 24. Nd5 Qxc6 25. Rxe7 Bg7 26. Re4 Rfe8 27. Rde1 Rxe4 28. Rxe4 Bf8 29. Re7 f5 30. Rd7 Qe6 31. Qc3 Rc6 32. Rd8 Rd6 33. Rxd6 Bxd6 34. Ne3 Be5 35. Qxc4 Kf7 36. b3 Bd6 37. a4 Qxc4 38. Nxc4 Bc5 39. Kf1 Ke6 40. Ne3 Ke5 41. Nc2 a5 42. Ke2 Ke4 43. Ne1 Kd4 44. Nd3 Bd6 45. Kd2 h5 46. Kc2 g5 47. Nc1 h4 48. Ne2+ Kc5 49. f3 Be5 50. Kd3 Kb4 51. Kc2 Kc5 52. Kd3 Kb4 53. Kc2 1/2-1/2

[Event "Olympiad-33"]
[Site "Elista"]
[Date "1998.10.03"]
[Round "5.4"]
[White "Soylu, Suat"]
[Black "Calderin Gonzalez, Roberto"]
[Result "1/2-1/2"]
[WhiteElo "2275"]
[BlackElo "2425"]
[PlyCount "119"]
[EventDate "1998.09.29"]
[EventType "team-swiss"]
[EventRounds "13"]
[EventCountry "RUS"]
[SourceTitle "CBM 068"]
[Source "ChessBase"]
[SourceDate "1999.02.01"]
[SourceVersion "1"]
[SourceVersionDate "1999.02.01"]
[SourceQuality "1"]
[WhiteTeam "Turkey"]
[BlackTeam "Mexico"]
[WhiteTeamCountry "TUR"]
[BlackTeamCountry "MEX"]

1. e4 e5 2. Nf3 Nc6 3. Bb5 Nf6 4. 0-0 Bc5 5. c3 0-0 6. d4 Bb6 7. Bg5 h6 8. Bh4 d6 9. Bxc6 bxc6 10. dxe5 dxe5 11. Nbd2 Qe7 12. Qc2 Qe6 13. c4 Nd7 14. b4 c5 15. b5 c6 16. Rfd1 Bb7 17. a4 Ba5 18. Nf1 a6 19. Ne3 f6 20. Bg3 axb5 21. axb5 cxb5 22. cxb5 Nb6 23. Qxc5 Bxe4 24. Qd6 Qxd6 25. Rxd6 Rfb8 26. Nd2 Bb4 27. Rxa8 Bxa8 28. Rd3 Rc8 29. Nb3 Be4 30. Rd1 Rc3 31. Nd2 Bd3 32. h4 Bc5 33. Kh2 Kf7 34. Nf3 Ke6 35. Re1 Bxb5 36. Nd2 Bxe3 37. Rxe3 Rxe3 38. fxe3 Nd5 39. Bf2 Nc3 40. g4 Bc6 41. Kg3 g6 42. Kh3 Ne2 43. Nf1 Kf7 44. Ng3 Nc1 45. h5 Nd3 46. Bg1 Bf3 47. Kh4 Nc5 48. Bf2 Bd1 49. Bg1 Bf3 50. Bf2 Nd3 51. Bg1 Kg7 52. Nf1 g5+ 53. Kg3 Bd1 54. e4 Ba4 55. Bb6 Bc6 56. Kf3 Nf4 57. Ne3 Bd7 58. Bd8 Be6 59. Be7 Kf7 60. Ba3 1/2-1/2

[Event "Olympiad-33"]
[Site "Elista"]
[Date "1998.10.01"]
[Round "3.3"]
[White "Calderin Gonzalez, Roberto"]
[Black "Rausis, Igors"]
[Result "1/2-1/2"]
[WhiteElo "2425"]
[BlackElo "2535"]
[PlyCount "80"]
[EventDate "1998.09.29"]
[EventType "team-swiss"]
[EventRounds "13"]
[EventCountry "RUS"]
[SourceTitle "CBM 068"]
[Source "ChessBase"]
[SourceDate "1999.02.01"]
[SourceVersion "1"]
[SourceVersionDate "1999.02.01"]
[SourceQuality "1"]
[WhiteTeam "Mexico"]
[BlackTeam "Latvia"]
[WhiteTeamCountry "MEX"]
[BlackTeamCountry "LAT"]

1. d4 d5 2. Nf3 c6 3. e3 Bf5 4. c4 e6 5. Nc3 Nf6 6. Nh4 Bg4 7. Qb3 Qb6 8. c5 Qc7 9. h3 Bh5 10. g4 Bg6 11. g5 Nfd7 12. Nxg6 hxg6 13. f4 b6 14. cxb6 axb6 15. Bd2 c5 16. Bg2 Nc6 17. Nb5 Qb7 18. e4 Nxd4 19. Nxd4 cxd4 20. exd5 Bd6 21. 0-0 e5 22. Bb4 Qb8 23. Bxd6 Qxd6 24. fxe5 Nxe5 25. Qb5+ Ke7 26. Rae1 f6 27. Qd3 Kd7 28. Qxd4 Rxa2 29. Re3 Rha8 30. Rb3 R8a6 31. gxf6 gxf6 32. Qh4 Ra1 33. Rc3 Rxf1+ 34. Bxf1 Ra1 35. Qh7+ Kd8 36. Qg8+ Ke7 37. Qg7+ Kd8 38. Qh8+ Ke7 39. Qg7+ Kd8 40. Qg8+ Ke7 1/2-1/2